[Event "Athens Glyfada op"]
[Site "Athens"]
[Date "2009.12.30"]
[Round "7"]
[White "Papadopoulos, Georgios Vas"]
[Black "Sideris, Nikolaos"]
[Result "1-0"]
[WhiteElo "1005"]
[BlackElo "1290"]
[PlyCount "27"]
[EventDate "2009.12.23"]
[EventType "swiss"]
[EventRounds "9"]
[EventCountry "GRE"]
[SourceTitle "CBM 134 Extra"]
[Source "ChessBase"]
[SourceDate "2010.03.03"]
[SourceVersion "1"]
[SourceVersionDate "2010.03.03"]
[SourceQuality "1"]

1. e4 a6 2. d4 b5 3. Nc3 Bb7 4. Bd3 e6 5. d5 exd5 6. exd5 Nf6 7. Bg5 h6 8. Bxf6 Qxf6 9. Nf3 c5 10. 0-0 d6 11. g3 Nd7 12. Ne4 Qd8 13. Re1 Be7 14. Nxd6+ 1-0